5HLuxD.jpg

KING HENRY VIII SENIOR AND PRIMARY SCHOOL LIBRARY OPAC

100 things to know about food / (Record no. 3638)

000 -LEADER
fixed length control field 01632cam a2200421 a 4500
001 - CONTROL NUMBER
control field 917878
003 - CONTROL NUMBER IDENTIFIER
control field OSt
005 - DATE AND TIME OF LATEST TRANSACTION
control field 20240319084848.0
008 - FIXED-LENGTH DATA ELEMENTS--GENERAL INFORMATION
fixed length control field 210327s2017 enka c 001 j eng d
020 ## - INTERNATIONAL STANDARD BOOK NUMBER
International Standard Book Number 9781409598619
Qualifying information (hardcover) :
040 ## - CATALOGING SOURCE
Original cataloging agency TWTCL
Language of cataloging eng
Transcribing agency TWTCL
Description conventions aacr
Modifying agency KH8
041 0# - LANGUAGE CODE
Language code of text/sound track or separate title eng
042 ## - AUTHENTICATION CODE
Authentication code nbic
082 0# - DEWEY DECIMAL CLASSIFICATION NUMBER
Classification number 641.3 BAE
100 1# - MAIN ENTRY--PERSONAL NAME
Personal name Baer, Sam.
Relator term Author
245 10 - TITLE STATEMENT
Title 100 things to know about food /
Statement of responsibility, etc. written by Sam Baer [and 4 others] ; illustrated by Federico Mariani & Parko Polo.
246 33 - VARYING FORM OF TITLE
Title proper/short title One hundred things to know about food.
264 #1 - PRODUCTION, PUBLICATION, DISTRIBUTION, MANUFACTURE, AND COPYRIGHT NOTICE
Place of production, publication, distribution, manufacture London :
Name of producer, publisher, distributor, manufacturer Usborne Publishing Ltd.,
Date of production, publication, distribution, manufacture, or copyright notice 2017.
300 ## - PHYSICAL DESCRIPTION
Extent 127 pages :
Other physical details color illustrations ;
Dimensions 25 cm.
336 ## - CONTENT TYPE
Content type term text
Content type code txt
Source rdacontent.
337 ## - MEDIA TYPE
Media type term unmediated
Media type code n
Source rdamedia.
338 ## - CARRIER TYPE
Carrier type term volume
Carrier type code nc
Source rdacarrier.
490 1# - SERIES STATEMENT
Series statement 100 things to know.
500 ## - GENERAL NOTE
General note Includes index.
520 ## - SUMMARY, ETC.
Summary, etc. This informative book is filled with 100 fascinating facts about food, from how to grow a burger in a laboratory to how many bees it takes to fill an orchard with apples. With bright, infographic-style illustrations, detailed facts on every page, a glossary and index, plus internet links to specially selected websites for more information.
650 #0 - SUBJECT ADDED ENTRY--TOPICAL TERM
Topical term or geographic name entry element Food
General subdivision Juvenile literature.
650 #0 - SUBJECT ADDED ENTRY--TOPICAL TERM
Topical term or geographic name entry element Nutrition
General subdivision Juvenile literature.
650 #0 - SUBJECT ADDED ENTRY--TOPICAL TERM
Topical term or geographic name entry element Food crops
Form subdivision Juvenile literature.
653 ## - INDEX TERM--UNCONTROLLED
Uncontrolled term KF.
700 1# - ADDED ENTRY--PERSONAL NAME
Personal name Firth, Rachel.
700 1# - ADDED ENTRY--PERSONAL NAME
Personal name Hall, Rose.
700 1# - ADDED ENTRY--PERSONAL NAME
Personal name James, Alice.
700 1# - ADDED ENTRY--PERSONAL NAME
Personal name Martin, Jerome.
700 1# - ADDED ENTRY--PERSONAL NAME
Personal name Mariani, Federico,
Dates associated with a name 1974-
700 1# - ADDED ENTRY--PERSONAL NAME
Personal name Polo, Parko.
830 #0 - SERIES ADDED ENTRY--UNIFORM TITLE
Uniform title 100 things to know.
942 ## - ADDED ENTRY ELEMENTS (KOHA)
Source of classification or shelving scheme
Koha item type Books - Non Ficton
Holdings
Withdrawn status Lost status Source of classification or shelving scheme Damaged status Not for loan Collection code Permanent Location Current Location Shelving location Date acquired Total Checkouts Total Renewals Full call number Barcode Date last seen Date last checked out Price effective from Koha item type
          Non-Fiction KH8 Primary School Library KH8 Primary School Library Non Fiction 2024-03-19 18 1 641.3 BAE KHPL000004509 2026-03-18 2026-03-02 2024-03-19 Books - Non Ficton

Powered By KH8 IT Dept